000 01394nam a2200253 a 4500
001 000016783
003 DO-SdBNP
005 20250410123259.0
008 100310s1994 dr 000 0 spa d
040 _aDO-SdBNP
_bspa
_cBNPHU
082 _a379.097293
_bF438c
100 1 _aFiallo Billini, José Antinoe
_d1944-
_910159
245 1 0 _aCultura, ciencia, educación y construcción del conocimiento /
_cJosé Antinoe Fiallo Billini, Alejandrina Germán.
260 _aSanto Domingo :
_bPublicaciones del Sector Educación del PNUD y la Secretaría de Estado de Educación, Bellas Artes y Cultos,
_c1994.
300 _a412 p. ;
_c25 cm.
490 1 _aPolíticas educativas
_v2
504 _aBibliografías: p. 157-182, 347-376
505 0 _aIntroducción -- Objetivos de la investigación -- Marco conceptual -- Cultura, nación e identidad en los procesos históricos dominicanos -- Notas y citas bibliográficas -- Antecedentes de los planes y programas de estudios vigentes -- Planes de estudios vigentes -- En relación al nivel medio o secundario -- Programas de estudios -- Programas de educación media -- Consideraciones finales -- Citas y notas bibliográficas.
650 4 _aEducación
_zRepública Dominicana
_9737
650 4 _aAntropología de la educación
_937192
700 1 _aGermán, Alejandrina
_912096
830 0 _aPolíticas educativas ;
_n2
_937194
942 _2ddc
_cLBS1
999 _c16315
_d16315